000 01623cam a22004334i 4500
003 PE-LiUPU
005 20250731173228.0
008 150625s r 000 0 d
035 _a(Sirsi) a34270
040 _aPE-LiUPU
_bspa
_cPE-LiUPU
_erda
082 0 4 _a225.07
_bNIGTC
_221
100 1 _aDavids, Peter H.,
_eautor.
245 1 4 _aThe epistle of james /
_cPeter H. Davids.
264 1 _aMichigan :
_bEerdmans,
_c1982.
300 _a226 páginas ;
_c24 cm.
336 _atext
_2rdacontent
337 _aunmediated
_2rdamedia
338 _avolume
_2rdacarrier
490 0 _aThe New International Greek Testament Commentary
505 0 _aAuthorship and date. -Form and structure. -A possible sitz im leben. -Theology. -Language and text. -Epistolary introduction. -Opening statement. -The excellence of poverty and generosity. -The demand for pure speech. -Testing through wealth. -Closing statement.
526 _aSEG42
526 _aSEG41
526 _aSEG40
526 _aSEG39
526 _aP94
526 _aP87
526 _aP86
526 _aP85
526 _aP77
526 _aP76
526 _aP35
630 _aBiblia.
_pN.T.
_pSantiago
_xComentarios.
910 _a
942 _2ddc
_cBOOK
949 _a225.07 NIGTC 20
_wDEWEY
_c1
_i37848
_lCCODEBUL1
_mBUL
_p00.00
_r0
_sY
_tBOOK
_u2015-06-25
_xTEOLOGIA
_zUNKNOWN
_0COMPRA
_o.STAFF. Colección General
596 _a1
999 _a225.07 NIGTC 20
_wDEWEY
_c42109
_i37848
_f2021-11-9
_g5
_lCCODEBUL1
_mBUL
_r0
_sY
_tBOOK
_u2015-6-25
_xTEOLOGIA
_zUNKNOWN
_0COMPRA
_o.STAFF. Colección General
_d42109
980 _81
_gALBERTO SANCHEZ Responsable de Automatización